Kémia a középiskola 2. és 3. évfolyama számára

Bibliographic Details
Main Authors: Šorm, František, 1913-1980 (Author), Hellberg, Jindřich, 1927-2022 (Author)
Other Authors: Galambos, László (Translator), Zeman, László, 1928-2019 (Translator)
Format: Book
Language:Hungarian
Czech
PhysicalDescription:200 strán, [1] tabuľková príloha fotografie, ilustrácie, schémy, tabuľky 8°
Published: Bratislava Slovenské pedagogické nakladateľstvo 1967
Subjects:

MARC

LEADER 00000cam a2200000 a 4500
001 vtls008337587
003 SK-MaSNL
005 20260301075127.0
008 240509s1967 xo oal drp 000 0 hun
015 |a SNBA1967/06-00907 
020 |q (viazané) 
035 |a SK01SNK19670029804 
035 |a SKM000032267 
040 |a SNK  |b slo  |c SNK  |e AACR2 
041 1 |a hun  |h cze 
044 |a xo  |c SK 
072 7 |a 54  |x Chémia. Mineralogické vedy  |2 konspekt 
072 7 |a 37.016  |x Učebné osnovy. Vyučovacie predmety. Učebnice  |2 konspekt 
080 |a 54  |2 2011 
080 |a (075.3)  |2 2011 
100 1 |a Šorm, František,  |d 1913-1980  |4 aut  |9 398797 
240 1 0 |a Organická chemie  |l Maďarsky 
245 1 0 |a Kémia a középiskola 2. és 3. évfolyama számára  |c František Šorm és Jindřich Hellberg ; [a mű eredeti címe Organická chemie ... magyarra fordította Galambos László és Zeman László] 
260 |a Bratislava  |b Slovenské pedagogické nakladateľstvo  |c 1967 
300 |a 200 strán, [1] tabuľková príloha  |b fotografie, ilustrácie, schémy, tabuľky  |c 8° 
366 |e 4150 kusov 
500 |a Fotografia na titulnom liste. Rozložený titulný list 
650 0 7 |a chémia  |2 SNKPH  |9 749 
655 7 |a učebnice stredných škôl  |2 SNKPH  |9 69323 
700 1 |a Hellberg, Jindřich,  |d 1927-2022  |4 aut  |9 398798 
700 1 |a Galambos, László  |4 trl  |9 398799 
700 1 |a Zeman, László,  |d 1928-2019  |4 trl  |9 231844 
852 |a Slovenská národná knižnica 
954 |a odborná, vedecká literatúra cudzojazyčná (svetová)  |2 lita 
958 |a EUIPO 
958 |a RK 
958 |a TL 
958 |a CZ 
958 |a OND 
958 |a OP 
958 |a UC 
999 |c 649213  |d 651143 
952 |a SNK  |b SNK  |y PREZ  |7 0  |p 17A0913664  |o snkSC 22822  |0 0  |1 0  |4 0  |d 2012-08-27  |l 0  |r 2025-08-20 00:00:00  |w 2026-02-23 
952 |t P60, <04>, [BOOK], {604}  |a SNK  |b SNK  |y VYP  |7 0  |p 17A0355510  |o snkSC 22822 D1  |0 0  |1 0  |4 0  |d 2002-09-12  |l 0  |r 2005-01-02 00:00:00  |w 2026-02-23